Online katalóg knižníc regiónu Turca

Biblia pre deti (Record no. 20555)

MARC details
000 -LEADER
fixed length control field 02264nam a2200649 a 4500
001 - CONTROL NUMBER
control field 20555
003 - CONTROL NUMBER IDENTIFIER
control field VRT
005 - DATE AND TIME OF LATEST TRANSACTION
control field 20260126122147.0
008 - FIXED-LENGTH DATA ELEMENTS--GENERAL INFORMATION
fixed length control field 240314s2014 xo ba g 000 0 slo
015 ## - NATIONAL BIBLIOGRAPHY NUMBER
National bibliography number SNBA2014/05
020 ## - INTERNATIONAL STANDARD BOOK NUMBER
International Standard Book Number 9788081422645
Qualifying information (viaz.)
035 ## - SYSTEM CONTROL NUMBER
System control number D11AF748-A893-4761-8487-28A08B07B8C5
035 ## - SYSTEM CONTROL NUMBER
System control number urn:nbn:sk:snk-amktrx
035 ## - SYSTEM CONTROL NUMBER
System control number urn:nbn:sk:snk-am004rxz
039 #9 - LEVEL OF BIBLIOGRAPHIC CONTROL AND CODING DETAIL [OBSOLETE]
Level of rules in bibliographic description 202403141136
Level of effort used to assign nonsubject heading access points VLOAD
Level of effort used to assign subject headings 201606101255
Level of effort used to assign classification VLOAD
Level of effort used to assign subject headings 201604291221
Level of effort used to assign classification VLOAD
Level of effort used to assign subject headings 201604271603
Level of effort used to assign classification VLOAD
040 ## - CATALOGING SOURCE
Original cataloging agency SVKBB
Language of cataloging slo
Transcribing agency SVKBB
Modifying agency SNK
Description conventions AACR2
041 1# - LANGUAGE CODE
Language code of text/sound track or separate title slo
Language code of original ger
044 ## - COUNTRY OF PUBLISHING/PRODUCING ENTITY CODE
MARC country code xo
ISO country code SK
072 #7 - SUBJECT CATEGORY CODE
Subject category code 2-23/-27
Subject category code subdivision Biblia. Biblistika
Source konspekt
072 #7 - SUBJECT CATEGORY CODE
Subject category code 821-93
Subject category code subdivision Literatúra pre deti a mládež (beletria)
Source konspekt
080 ## - UNIVERSAL DECIMAL CLASSIFICATION NUMBER
Universal Decimal Classification number 27-236.5
Edition identifier 2001
080 ## - UNIVERSAL DECIMAL CLASSIFICATION NUMBER
Universal Decimal Classification number 27-236
Edition identifier 2001
080 ## - UNIVERSAL DECIMAL CLASSIFICATION NUMBER
Universal Decimal Classification number 831-93
Edition identifier 2001
080 ## - UNIVERSAL DECIMAL CLASSIFICATION NUMBER
Universal Decimal Classification number (0:82-32)
Edition identifier 2001
080 ## - UNIVERSAL DECIMAL CLASSIFICATION NUMBER
Universal Decimal Classification number 27-277.2
Edition identifier 2001
100 1# - MAIN ENTRY--PERSONAL NAME
Personal name Jooß, Erich
Relationship aut
240 14 - UNIFORM TITLE
Uniform title Die Bibel erzählt für Kinder
Language of a work Slovensky
245 10 - TITLE STATEMENT
Title Biblia pre deti
Statement of responsibility, etc. príbehy prerozprával Erich Jooß ; ilustrovala Ute Thönissenová
250 ## - EDITION STATEMENT
Edition statement 1. vyd.
260 ## - PUBLICATION, DISTRIBUTION, ETC.
Place of publication, distribution, etc. Bratislava
Name of publisher, distributor, etc. Fortuna Libri
Date of publication, distribution, etc. c2014
300 ## - PHYSICAL DESCRIPTION
Extent 223 s.
Other physical details fareb. ilustr., mp.
Dimensions 24 cm
504 ## - BIBLIOGRAPHY, ETC. NOTE
Bibliography, etc. note Skrat. biblických kníh
630 #7 - SUBJECT ADDED ENTRY--UNIFORM TITLE
Uniform title Biblia
Source of heading or term SNKPH
630 #7 - SUBJECT ADDED ENTRY--UNIFORM TITLE
Uniform title Bible
Source of heading or term SNKPHeng
650 07 - SUBJECT ADDED ENTRY--TOPICAL TERM
Topical term or geographic name entry element biblické udalosti
Source of heading or term SNKPH
650 07 - SUBJECT ADDED ENTRY--TOPICAL TERM
Topical term or geographic name entry element biblické príbehy
Source of heading or term SNKPH
650 07 - SUBJECT ADDED ENTRY--TOPICAL TERM
Topical term or geographic name entry element Biblical events
Source of heading or term SNKPHeng
650 07 - SUBJECT ADDED ENTRY--TOPICAL TERM
Topical term or geographic name entry element Bible persons
Source of heading or term SNKPHeng
650 07 - SUBJECT ADDED ENTRY--TOPICAL TERM
Topical term or geographic name entry element biblické postavy
Source of heading or term SNKPH
650 07 - SUBJECT ADDED ENTRY--TOPICAL TERM
Topical term or geographic name entry element biblické parafrázy
Source of heading or term SNKPH
650 07 - SUBJECT ADDED ENTRY--TOPICAL TERM
Topical term or geographic name entry element biblické citáty
Source of heading or term SNKPH
650 07 - SUBJECT ADDED ENTRY--TOPICAL TERM
Topical term or geographic name entry element Bible stories
Source of heading or term SNKPHeng
650 07 - SUBJECT ADDED ENTRY--TOPICAL TERM
Topical term or geographic name entry element Biblical paraphrases
Source of heading or term SNKPHeng
650 07 - SUBJECT ADDED ENTRY--TOPICAL TERM
Topical term or geographic name entry element Biblical quotations
Source of heading or term SNKPHeng
655 #7 - INDEX TERM--GENRE/FORM
Genre/form data or focus term príbehy
Source of term SNKPH
655 #7 - INDEX TERM--GENRE/FORM
Genre/form data or focus term Children's literature
Source of term SNKPHeng
655 #7 - INDEX TERM--GENRE/FORM
Genre/form data or focus term publikácie pre deti
Source of term SNKPH
655 #7 - INDEX TERM--GENRE/FORM
Genre/form data or focus term Stories
Source of term SNKPHeng
700 1# - ADDED ENTRY--PERSONAL NAME
Personal name Thönissen, Ute
Relationship ill
910 ## - USER-OPTION DATA (OCLC)
User-option data hevk
942 ## - ADDED ENTRY ELEMENTS (KOHA)
Source of classification or shelving scheme Dewey Decimal Classification
Koha item type Krásna literatúra pre deti
Suppress in OPAC No
949 ## - LOCAL PROCESSING INFORMATION (OCLC)
6 270001000443271
a svkbbB 51415
b svkbbm 744070
949 ## - LOCAL PROCESSING INFORMATION (OCLC)
6 17A1109120
a snkSC 159344
b snk2014/10496
o 954/14
s 6100:20140925
949 ## - LOCAL PROCESSING INFORMATION (OCLC)
6 17A1109121
a snkSC 159344 D1
b snk2014/10497
o 954/14
949 ## - LOCAL PROCESSING INFORMATION (OCLC)
6 2889209786
a savukPV 18874
b savuk2014/1051
Holdings
Stav vyradenia Strata Poškodenie Spôsob nadobudnutia Domovská knižnica Aktuálna knižnica Dátum nadobudnutia Total checkouts Čiarový kód exemplára Date last seen Typ exemplára
      Dar Obecná knižnica Horná Štubňa Obecná knižnica Horná Štubňa 26.01.2026   9788081422645 26.01.2026 Krásna literatúra pre deti
Projekt je podporený Slovenskou asociáciou knižníc
Prevádzkuje Turčianska knižnica Martin 2026